|
|
|
|
| LEADER |
00893nam a22002291i 4500 |
| 001 |
IT\ICCU\MOD\0195562 |
| 003 |
GR-PaULI |
| 005 |
20210117210547.0 |
| 008 |
180205s1995 fr a|||g|b |||1| |fre|d |
| 020 |
|
|
|a 2070533182
|
| 040 |
|
|
|a GR-PaULI
|b gre
|c GR-PaULI
|e AACR2
|
| 082 |
0 |
4 |
|2 23
|a 846.4
|
| 100 |
1 |
|
|a Duchene, Roger
|9 26838
|e συγγραφέας
|
| 245 |
1 |
0 |
|a Chere Madame de Sevigne... /
|c Roger Duchene.
|
| 260 |
|
|
|a Paris :
|b Gallimard Paris-Musees,
|c 1995.
|
| 300 |
|
|
|a 112 σ. :
|b εικ. ;
|c 18 εκ.
|
| 490 |
0 |
|
|a Découvertes Gallimard ;
|v 253
|
| 504 |
|
|
|6 Περιλαμβάνει βιβλιογραφία και ευρετήριο.
|
| 942 |
|
|
|2 ddc
|c BK15
|
| 952 |
|
|
|0 0
|1 0
|2 ddc
|4 0
|6 846_400000000000000_DUC
|7 0
|9 219595
|a THST
|b THST
|d 2018-02-05
|i 002978
|l 0
|o 846.4 DUC
|p 025000010272
|r 2018-02-05 00:00:00
|t 1
|v 2018.00
|w 2018-02-05
|y BK15
|
| 998 |
|
|
|c ΜΑΝΙΑ
|d 2018-02
|
| 999 |
|
|
|c 132904
|d 132904
|